000 00278nam a2200109Ia 4500
008 200302s9999 xx 000 0 und d
100 _aMartha Stewart
245 _aGardenscapes Design for Outdoor Living
260 _bP B C International Inc.
260 _c1997
300 _a175 P.,
999 _c1172
_d1172